=LDR 00000nam 2200000 4500 =001 INLIS000000000028850 =005 20130612131127 =008 ***********************************Ind** =035 ##$$0010-061300000028850 =041 ##$$a Ind =082 ##$$a F Rom D =090 ##$$a F Rom D, Les s =100 ##$$a Lestari, V =245 ##$$a Sang duda, V. Lestari =260 ##$$a 1989 $b Jakarta =300 ##$$a 296 hlm, 21 cm =650 ##$$a Fiksi Dewasa =850 ##$$a NBPNMAT